| 000 | 00711nam a2200229 a 4500 | ||
|---|---|---|---|
| 001 | 62735 | ||
| 003 | BD-RjUL | ||
| 005 | 20211209081122.0 | ||
| 008 | 170125s19501936pk 00110 eng d | ||
| 035 | _a(BD-RjUL)62862 | ||
| 040 |
_aAEAD _cAEAD _beng _dBD-RjUL |
||
| 041 | _aeng | ||
| 082 |
_223 _a297 _bALR 1950 |
||
| 100 | 1 |
_aAli, Muhammad, _9186481 |
|
| 245 | 1 | 4 |
_aThe Religion of Islam : _ba comprehensive discussion of the sources, principles and practice of Islam / _cby Maulana Muhammad Ali |
| 250 | _a2nd ed. | ||
| 260 |
_aLahore : _bAḥmadiyyah Anjuman Is̲h̲āʻat Islām, _c1950 |
||
| 300 |
_axxvii, 784 p. ; _c24 cm. |
||
| 500 | _aIncludes index. | ||
| 650 | 0 |
_aIslam. _9170798 |
|
| 942 |
_2ddc _cBK |
||
| 999 |
_c62735 _d62735 |
||